[Event "88th Hastings Masters"]
[Site "Hastings ENG"]
[Date "2013.01.05"]
[Round "9.34"]
[White "Hutchinson,N"]
[Black "Barton,A"]
[Result "1-0"]
[WhiteElo "2108"]
[BlackElo "2080"]

1.e4 d6 2.d4 Nf6 3.Nc3 Nbd7 4.f4 e5 5.Nf3 Be7 6.dxe5 dxe5 7.Bc4 O-O 8.fxe5 Ng4
9.e6 Nde5 10.exf7+ Kh8 11.Qxd8 Bxd8 12.Nxe5 Nxe5 13.Bb3 Bh4+ 14.g3 Be7 15.Bf4 Bd6
16.Bxe5 Bxe5 17.O-O-O c6 18.Rhf1 Bh3 19.Rf2 b5 20.Ne2 Bg4 21.Rd2 a5 22.a3 a4
23.Ba2 c5 24.Bd5 Rab8 25.Nf4 Bd4 26.Rxd4 cxd4 27.Be6 g5 28.Bxg4 gxf4 29.Rxf4 Rb7
30.Be6 Re7 31.Bd5 Kg7 32.Rg4+ Kf6 33.Rg8 Rfxf7 34.Bxf7 Kxf7 35.Rg4 Re5 36.Kd2 Ke6
37.Kd3 Rc5 38.Rh4 h5 39.Rf4 b4 40.Rf5 bxa3 41.bxa3 Rc3+ 42.Kxd4 Rxc2 43.Rxh5 Ra2
44.Rh6+ Ke7 45.Ke5 Rxa3 46.Rh7+ Kf8 47.Ra7 Ra1 48.Kf6 Rf1+ 49.Kg5 Ra1 50.h4 a3
51.h5 a2 52.g4 Re1 53.Rxa2 Rxe4 54.Ra7 Kg8 55.h6 Kh8 56.Kh5 Rb4 57.g5 Rb5
58.Rf7 Kg8 59.Re7 Ra5 60.Kg6 Ra6+ 61.Kf5 Ra1 62.Rg7+ Kh8 63.Rd7 Ra5+ 64.Kf6 Ra6+
65.Kf7 Kh7 66.Ke8+ Kg8 67.Ke7 Kh8 68.Rd6 Ra7+ 69.Kf6 Kh7 70.Re6 Ra8 71.Re7+ Kh8
72.g6 Kg8 73.Rd7 Ra6+ 74.Kf5 Ra5+ 75.Ke6 Ra6+ 76.Rd6 Ra8 77.Ke7 Rf8 78.Rd8  1-0

[Event "11th Parsvnath Open"]
[Site "New Delhi IND"]
[Date "2013.01.05"]
[Round "1.14"]
[White "Shreyans,K"]
[Black "Czebe,A"]
[Result "0-1"]
[WhiteElo "2265"]
[BlackElo "2494"]

1.e4 d6 2.d4 Nf6 3.Nc3 e5 4.dxe5 dxe5 5.Qxd8+ Kxd8 6.Bg5 Be6 7.O-O-O+ Nd7
8.Nd5 Kc8 9.Nxf6 gxf6 10.Be3 Bc5 11.Bxc5 Nxc5 12.f3 c6 13.Ne2 Kc7 14.Nc3 a5
15.a4 Rad8 16.Be2 Rd4 17.b3 Rhd8 18.Kb2 f5 19.exf5 Bxf5 20.Kc1 Bg6 21.Bc4 Rxd1+
22.Rxd1 Rxd1+ 23.Nxd1 f5 24.Kd2 Kd6 25.Ne3 f4 26.Nd1 e4 27.Nc3 exf3 28.gxf3 Ke5
29.Nd1 Bh5 30.Ke2  0-1

[Event "XXIV Roquetas Open"]
[Site "Roquetas de Mar ESP"]
[Date "2013.01.05"]
[Round "7.2"]
[White "Lopez Martinez,Josep"]
[Black "Del Rio de Angelis,S"]
[Result "1/2-1/2"]
[WhiteElo "2499"]
[BlackElo "2471"]

1.e4 d6 2.d4 Nf6 3.Nc3 e5 4.Nf3 Nbd7 5.Bc4 Be7 6.O-O O-O 7.a4 exd4 8.Nxd4 Re8
9.Re1 Bf8 10.Bg5 c6 11.Ba2 Ne5 12.h3 h6 13.Bh4 Ng6 14.Bg3 Qa5 15.Qd2 Bd7
16.Rad1 Qb4 17.Bb3 Rad8 18.Nf3 Ne5 19.Qe3 Nxf3+ 20.Qxf3 Be6 21.Bxe6 Rxe6
22.e5 Rde8 23.b3 dxe5 24.Ne4 Nxe4 25.Rxe4 Qc5 26.Rd7 R6e7  1/2-1/2

[Event "18th Bosnjaci Open"]
[Site "Bosnjaci CRO"]
[Date "2013.01.06"]
[Round "6.9"]
[White "Zufic,M"]
[Black "Muskardin,M"]
[Result "1-0"]
[WhiteElo "2439"]
[BlackElo "2216"]

1.e4 d6 2.d4 Nf6 3.Nc3 e5 4.Nf3 Nbd7 5.g4 Nxg4 6.Rg1 Ngf6 7.Be3 c6 8.Qd2 b5
9.O-O-O Qa5 10.dxe5 Nxe5 11.Nxe5 dxe5 12.f4 Be6 13.f5 Bd7 14.Kb1 Bb4 15.Rxg7 Bxc3
16.bxc3 O-O-O 17.Bd3 Be8 18.Qe1 Nd7 19.c4 b4 20.Be2 Nc5 21.Rxd8+ Kxd8 22.Bd2 Qb6
23.Qf2 Qa5 24.a3 Kc8 25.Bxb4 Nxe4 26.Qe3 Qb6 27.c5 Qb7 28.Qxe4 a5 29.Qxe5 axb4
30.Rg3 Rf8 31.Rb3 Qc7 32.Ba6+  1-0

[Event "XXIV Roquetas Open"]
[Site "Roquetas de Mar ESP"]
[Date "2013.01.06"]
[Round "9.8"]
[White "Navarro Lopez Menchero,D"]
[Black "Cuenca Jimenez,J"]
[Result "1/2-1/2"]
[WhiteElo "2313"]
[BlackElo "2479"]

1.e4 d6 2.d4 Nf6 3.Nc3 e5 4.Nf3 Nbd7 5.Bc4 Be7 6.O-O O-O 7.a4 c6 8.Re1 b6
9.b3 Bb7 10.Ba3 a6 11.d5 c5 12.Bc1 Ne8 13.Be3 g6 14.Qd2 Ndf6 15.h3 Nc7 16.Bh6 Re8
17.Rad1 Bf8 18.Bxf8 Kxf8 19.Qh6+ Kg8 20.Ng5 Re7 21.f4 b5 22.axb5 axb5 23.Nxb5 Nxb5
24.Bxb5 exf4 25.Rf1 Qf8 26.Qxf8+ Rxf8 27.Rxf4 Nh5 28.Rh4 h6 29.Nf3 Kg7 30.e5 dxe5
31.d6 Re6 32.d7 Rd8 33.Rc4 e4 34.Nh2 e3 35.Rxc5 Nf4 36.Nf3 Kf8 37.Re5 Rxe5
38.Nxe5 Bxg2 39.Rd4 Ne6 40.Rd6 Be4 41.Nc6 Bxc6 42.Bxc6 Nf4 43.Kf1 f5 44.Rd4 Ne6
45.Rh4 h5 46.Ke2 g5 47.Ra4 f4 48.Re4 Ng7 49.h4 gxh4 50.Rxf4+ Ke7 51.Re4+ Kd6
52.Re8 Ne6 53.Rxd8 Nxd8 54.Bf3 Kxd7 55.Bxh5 Kd6 56.Kxe3 Ke5 57.Bg4 Nf7 58.c4 Ng5
59.c5 Kd5 60.b4 Kc6 61.Kf4 Nf7 62.Bh5 Nd8 63.Ke5 Kb5 64.Bf3 Kxb4  1/2-1/2

[Event "18th Bosnjaci Open"]
[Site "Bosnjaci CRO"]
[Date "2013.01.08"]
[Round "8.16"]
[White "Berke,A"]
[Black "Djingarova,E"]
[Result "1/2-1/2"]
[WhiteElo "2166"]
[BlackElo "2270"]

1.e4 d6 2.d4 Nf6 3.Nc3 e5 4.Nf3 Nbd7 5.Bc4 Be7 6.O-O O-O 7.Re1 Nb6 8.Bf1 exd4
9.Nxd4 d5 10.e5 Ne8 11.Bf4 c5 12.Nf3 Nc7 13.a4 a5 14.h3 Bf5 15.Nb5 Nxb5 16.Bxb5 Qc8
17.Qe2 Qe6 18.Bg3 Nc8 19.Rad1 Na7  1/2-1/2

[Event "Australian Open 2013"]
[Site "Cammeray AUS"]
[Date "2013.01.08"]
[Round "7.13"]
[White "Smirnov,Ant"]
[Black "Perera,Pasan"]
[Result "1-0"]
[WhiteElo "2207"]
[BlackElo "1923"]

1.e4 d6 2.d4 Nf6 3.Nc3 c6 4.f4 Qa5 5.Bd3 e5 6.dxe5 dxe5 7.Nf3 Nbd7 8.fxe5 Nxe5
9.O-O Bg4 10.Be2 Rd8 11.Qe1 Bb4 12.Nxe5 Bxc3 13.bxc3 Qxe5 14.Bxg4 Nxg4 15.Bf4 Qc5+
16.Kh1 Ne5 17.Be3 Qa5 18.Rf5 f6 19.Bd4 O-O 20.Qg3 Rde8 21.Raf1 Qxa2 22.Bxe5 Rxe5
23.Qxe5 Qf7 24.Qd4 b6 25.e5 c5 26.Qf2 Qc4 27.exf6 g6 28.f7+ Kg7 29.Qe3 h6
30.Qe5+ Kh7 31.R5f3 a5 32.Qe7 Kg7 33.Re1 Rxf7 34.Rxf7+ Qxf7 35.Qxf7+ Kxf7
36.Rb1  1-0

[Event "Prague Open A 2013"]
[Site "Prague CZE"]
[Date "2013.01.09"]
[Round "1.19"]
[White "Nemcova,Kat"]
[Black "Zakoucka,A"]
[Result "1-0"]
[WhiteElo "2357"]
[BlackElo "2008"]

1.e4 d6 2.d4 Nf6 3.Nc3 e5 4.dxe5 dxe5 5.Qxd8+ Kxd8 6.Bg5 c6 7.f4 Nd7 8.Bc4 Ke8
9.Nge2 Bd6 10.O-O-O Bc7 11.h3 h6 12.fxe5 Bxe5 13.Be3 b5 14.Bd3 a6 15.a4 Bb7
16.Rhe1 Ke7 17.Nd4 g6 18.Nb3 Rac8 19.Nc5 Nxc5 20.Bxc5+ Ke6 21.Be2 h5 22.Bf3 Nd7
23.Bf2 Bf4+ 24.Kb1 Ne5 25.Ne2 Bg5 26.Nd4+ Ke7 27.Nb3 Rhd8 28.Nc5 Rxd1+ 29.Rxd1 Rc7
30.Be1 Nc4 31.b3 Be3 32.Nxb7 Na3+ 33.Kb2 Rxb7 34.Kxa3 c5 35.a5 b4+ 36.Ka4 Bf4
37.Be2 Bc7 38.Bf2 Bd6 39.e5 Bxe5 40.Bxc5+  1-0

[Event "TCh-AUT 2 West 2012-13"]
[Site "Bregenz AUT"]
[Date "2013.01.12"]
[Round "7.4"]
[White "Stoeckl,N"]
[Black "Bezler,R"]
[Result "1-0"]
[WhiteElo "2057"]
[BlackElo "2227"]

1.e4 d6 2.d4 Nf6 3.Nc3 e5 4.Nf3 Nbd7 5.Bc4 Be7 6.O-O O-O 7.a4 c6 8.Bb3 Qc7
9.Qe2 b6 10.Bg5 Bb7 11.Rad1 a6 12.Nh4 exd4 13.Rxd4 Nc5 14.Nf5 Rfe8 15.Rfd1 Rad8
16.Qf3 Ne6 17.Bxe6 fxe6 18.Nxe7+ Qxe7 19.Bxf6 gxf6 20.Rxd6 Rxd6 21.Qg3+ Kf8
22.Rxd6 Rd8 23.Rxd8+ Qxd8 24.Qf4 Kg7 25.h4 c5 26.e5 fxe5 27.Qxe5+ Kf7 28.h5 Ba8
29.Qf4+ Kg7 30.Kh2 Qf6 31.Qxf6+ Kxf6 32.g4 Kg5 33.Kg3 e5 34.f3 Bc6 35.b3 b5
36.a5 b4 37.Nd1 Bb5 38.Nf2 c4 39.Ne4+ Kh6 40.Kh4 c3 41.Nc5 Be2 42.Ne6  1-0

[Event "TCh-DEN XtraCon 2012-13"]
[Site "Denmark DEN"]
[Date "2013.01.12"]
[Round "4.3"]
[White "Lindfeldt,J"]
[Black "Petersen,To1"]
[Result "1-0"]
[WhiteElo "2269"]
[BlackElo "2331"]

1.e4 d6 2.d4 Nf6 3.Nc3 e5 4.dxe5 dxe5 5.Qxd8+ Kxd8 6.Bd2 Bd6 7.O-O-O Be6
8.f4 Ng4 9.Nh3 f6 10.Nb5 Nc6 11.Be2 h5 12.f5 Bf7 13.Nxd6 cxd6 14.Bxg4 hxg4
15.Nf2 Bh5 16.Rde1 Ke7 17.Re3 Rac8 18.Kb1 Bf7 19.Nxg4 d5 20.exd5 Bxd5 21.Rg3 Nd4
22.Ne3 Bc6 23.Rxg7+ Kf8 24.Rg6 Kf7 25.Ng4 Be4 26.Rxf6+ Ke8 27.Bc3 Nxc2 28.Re6+ Kf8
29.Rxe5 Na3+ 30.Kc1 Bxg2 31.Rg1 Bf3 32.Re6 Nb5 33.Ne5 Bh5 34.Nd7+ Kf7 35.Rg7+  1-0

[Event "Prague Open A 2013"]
[Site "Prague CZE"]
[Date "2013.01.12"]
[Round "4.19"]
[White "Puranik,A"]
[Black "Umanec,F"]
[Result "0-1"]
[WhiteElo "2115"]
[BlackElo "2294"]

1.e4 d6 2.d4 Nf6 3.Nc3 e5 4.dxe5 dxe5 5.Qxd8+ Kxd8 6.Nf3 Bd6 7.Bc4 Be6 8.Bxe6 fxe6
9.Bg5 a6 10.Nd2 Ke7 11.Nc4 b5 12.Nxd6 cxd6 13.f3 Rc8 14.O-O-O Nd7 15.Be3 h6
16.Rd2 Rc6 17.g4 Nh7 18.h4 Rf8 19.Rf2 Nb6 20.Bxb6 Rxb6 21.g5 b4 22.Ne2 hxg5
23.hxg5 Nxg5 24.Rg2 Nxf3 25.Rxg7+ Kf6 26.Rhh7 d5 27.exd5 Ng5 28.Rb7 Rxb7
29.Rxb7 exd5 30.Rxb4 Ne4 31.Rb6+ Kg5 32.c3 Rf2 33.Kd1 Kg4 34.Rb8 Kf3 35.Nc1 Rd2+
36.Ke1 Rc2 37.Kd1 Rd2+ 38.Ke1 Rh2 39.Kd1 Ke3 40.Nb3 Nf2+ 41.Kc2 Nd3+ 42.Kb1 Rxb2+
43.Ka1 Rh2 44.Kb1 a5 45.a4 Rb2+ 46.Ka1 e4 47.Rb7 Rxb3 48.Rxb3 Kd2  0-1

[Event "TCh-FIN SM 2012-13"]
[Site "Salo FIN"]
[Date "2013.01.12"]
[Round "8.5"]
[White "Ketola,V"]
[Black "Jarvenpaa,J"]
[Result "0-1"]
[WhiteElo "2114"]
[BlackElo "2276"]

1.e4 d6 2.d4 Nf6 3.Nc3 e5 4.dxe5 dxe5 5.Qxd8+ Kxd8 6.Bc4 Be6 7.Bxe6 fxe6
8.Be3 Bd6 9.Nge2 Nc6 10.f3 Ke7 11.O-O-O h6 12.Ng3 a6 13.Nce2 b5 14.Rhf1 g5
15.Kb1 Na5 16.Rd3 c5 17.Rfd1 Nb7 18.Nc3 c4 19.R3d2 Bb4 20.Nge2 Bc5 21.Bg1 Rac8
22.a3 Rc6 23.g3 Bxg1 24.Nxg1 Rd6 25.Rxd6 Nxd6 26.f4 gxf4 27.gxf4 Ndxe4 28.Nxe4 Nxe4
29.fxe5 Rf8 30.Ne2 Rf2 31.Nd4 Nc5 32.Nc6+ Kf7 33.Rd6 Rxh2 34.Nd8+ Ke7 35.Nc6+ Ke8
36.Rd8+ Kf7 37.Rc8 Ne4 38.Rc7+ Kg6 39.Ne7+ Kh5 40.Rc6 Ng5 41.Rxa6 Re2 42.Nc6 Kg4
43.a4 bxa4 44.Rxa4 Re4 45.b3 cxb3 46.cxb3 h5 47.Kc2 h4 48.Ra1 Nf3 49.Kd3 Re1
50.Rxe1 Nxe1+ 51.Ke2 h3  0-1

[Event "TCh-BEL 2012-13"]
[Site "Belgium BEL"]
[Date "2013.01.13"]
[Round "7.6"]
[White "Tolk,P"]
[Black "Hautot,S"]
[Result "0-1"]
[WhiteElo "2153"]
[BlackElo "2375"]

1.d4 d6 2.e4 Nf6 3.Nc3 Nbd7 4.Bc4 e5 5.dxe5 dxe5 6.Be3 Be7 7.h3 c6 8.a4 O-O
9.Nf3 Bb4 10.Qd3 Qe7 11.Bd2 Nc5 12.Qe2 Ne6 13.O-O Nh5 14.g3 Qc5 15.Kh2 Nf6
16.Bd3 Re8 17.Nb1 Bxd2 18.Nbxd2 Nd4 19.Nxd4 Qxd4 20.c3 Qd7 21.h4 Qh3+ 22.Kg1 Bg4
23.Qe3 Bh5 24.Be2 Ng4 25.Bxg4 Bxg4 26.Nf3 h6 27.Rfd1 f5 28.Rd3 f4 29.gxf4 exf4
30.Qe2 Re7 31.Rad1 Rae8 32.e5 Qxh4 33.Rd8 Qh5 34.R1d3 Kh7 35.Qe4+ Bf5 36.Qxf4 Bxd3
37.Rxd3 Qg6+  0-1

[Event "TCh-AUT 2 West 2012-13"]
[Site "Bregenz AUT"]
[Date "2013.01.13"]
[Round "8.4"]
[White "Riedl,J"]
[Black "Bezler,R"]
[Result "0-1"]
[WhiteElo "2149"]
[BlackElo "2227"]

1.e4 d6 2.d4 Nf6 3.Nc3 e5 4.Nf3 Nbd7 5.g3 Be7 6.Bg2 O-O 7.O-O c6 8.h3 b5
9.Nh2 b4 10.Ne2 a5 11.g4 Ba6 12.Re1 Qc7 13.Ng3 Rfd8 14.Nf5 Bf8 15.g5 Ne8
16.Ng4 exd4 17.f4 c5 18.Qf3 a4 19.Qg3 Bc4 20.e5 Ra6 21.Nf6+ gxf6 22.Ne7+ Kh8
23.Be4 Bxe7 24.Qh4 f5 25.Bxf5 Nf8  0-1

[Event "TCh-CZE Div1 Zapad 2012-13"]
[Site "Czech Republic CZE"]
[Date "2013.01.13"]
[Round "5.5"]
[White "Folk,P"]
[Black "Vichnar,D"]
[Result "1-0"]
[WhiteElo "2228"]
[BlackElo "2233"]

1.e4 d6 2.d4 Nf6 3.Nc3 e5 4.Nf3 exd4 5.Nxd4 Be7 6.Bf4 O-O 7.Qd2 Nc6 8.O-O-O Nxd4
9.Qxd4 Be6 10.Kb1 Ng4 11.Qd2 Bf6 12.Nd5 Bxd5 13.exd5 c6 14.f3 Qb6 15.c3 Ne5
16.Bg5 Bxg5 17.Qxg5 c5 18.f4 Nd7 19.Bd3 Qd8 20.Qf5 Nf6 21.Qh3 g6 22.Qf3 Qd7
23.h3 b5 24.g4 c4 25.Bc2 a5 26.g5 Nh5 27.f5 b4 28.Rhf1 Rfb8 29.Rd4 bxc3 30.Qxc3 Qb5
31.Rf3 Re8 32.a4 Qb7 33.fxg6 hxg6 34.Rxc4 Qxd5 35.Bb3 Re1+ 36.Ka2 Qe5 37.Rc8+ Rxc8
38.Qxc8+ Kh7 39.Rxf7+ Ng7 40.Re7  1-0

[Event "TCh-CZE Div1 Vychod 2012-13"]
[Site "Czech Republic CZE"]
[Date "2013.01.13"]
[Round "5.3"]
[White "Stukner,S"]
[Black "Beil,Z"]
[Result "1-0"]
[WhiteElo "2158"]
[BlackElo "2253"]

1.e4 d6 2.d4 Nf6 3.Nc3 c6 4.Be3 e5 5.f3 Be7 6.a4 b6 7.Bc4 Nbd7 8.Nge2 h5
9.Qd2 a6 10.Bb3 Rb8 11.O-O b5 12.Rfd1 Qc7 13.axb5 axb5 14.Qe1 Nf8 15.Qf2 Ng6
16.Ng3 exd4 17.Bxd4 Ne5 18.f4 Nc4 19.h3 h4 20.Nf1 Nxb2 21.Rdb1 Nc4 22.Ra7 Bb7
23.Bxc4 bxc4 24.e5 Nd7 25.exd6 Bxd6 26.Ne3 Bc5 27.Bxc5 Nxc5 28.Nxc4 Ne6 29.f5 Nd8
30.Qc5 Qe7 31.Nd6+ Kf8 32.Nxb7 Rxb7 33.Qxe7+ Rxe7 34.Rb8 Ke8 35.Rxd8+  1-0

[Event "4NCL 2012-13"]
[Site "Staverton ENG"]
[Date "2013.01.13"]
[Round "4.131"]
[White "Webb,Ri"]
[Black "Dearing,E"]
[Result "1/2-1/2"]
[WhiteElo "2266"]
[BlackElo "2418"]

1.e4 d6 2.d4 Nf6 3.Nc3 e5 4.dxe5 dxe5 5.Qxd8+ Kxd8 6.Bg5 Be6 7.O-O-O+ Nd7
8.f4 exf4 9.Nf3 h6 10.Bxf4 c6 11.Nd4 Bb4 12.Nxe6+ fxe6 13.Bc4 Ke7 14.Rhe1 Nh5
15.Bd2 Bd6 16.g3 Ne5 17.Be2 Nf6 18.Be3 Nfd7 19.Rf1 Bc5 20.Bd2 b5 21.Rde1 a6
22.Nd1 Nf6 23.Bc3 Bd6 24.Nf2 c5 25.Nd3 Nfd7 26.Nxe5 Bxe5 27.Bd2 g5 28.c3 Rhc8
29.Be3 Rab8 30.Kc2 a5 31.Rd1 Nf6 32.Bf3 Rc7 33.h4 Rg8 34.hxg5 hxg5 35.g4 b4
36.Rh1 a4 37.cxb4 cxb4+ 38.Kb1 a3 39.Rc1 Rxc1+ 40.Bxc1 axb2 41.Bxb2 Bxb2
42.Kxb2 Nd7 43.Kb3 Rf8 44.Bd1 Rf2 45.Kxb4 Rxa2 46.Rh7+ Kd6 47.Rg7 Rd2 48.Bb3 Rd4+
49.Kc3 Rxe4 50.Rxg5 Re3+ 51.Kc2 Nc5 52.Bxe6 Nxe6 53.Ra5 Rg3 54.Kd2  1/2-1/2

[Event "38th Seville Open"]
[Site "Seville ESP"]
[Date "2013.01.14"]
[Round "4.18"]
[White "Espejo Hava,F"]
[Black "Serrano Salvador,E"]
[Result "1/2-1/2"]
[WhiteElo "2037"]
[BlackElo "2349"]

1.e4 d6 2.d4 Nf6 3.Nc3 e5 4.dxe5 dxe5 5.Qxd8+ Kxd8 6.Bg5 Be6 7.O-O-O+ Nd7
8.Kb1 Bd6 9.Bd3 h6 10.Bh4 g5 11.Bg3 Ke7 12.f3 c6 13.Nge2 Nc5 14.Bf2 Nh5 15.g4 Nf4
16.h4 b5 17.Ng3 b4 18.Nce2 b3 19.axb3 Ncxd3 20.cxd3 Nxe2 21.Nxe2 Rhb8 22.hxg5 hxg5
23.Nc1 Bxb3 24.Nxb3 Rxb3 25.Be3 f6 26.Rh7+ Ke6 27.Rxa7 Rxa7 28.Bxa7 c5 29.Kc2 Rb5
30.Ra1 Kd7 31.Ra4 Kc6 32.b4 cxb4 33.Kb3 Rb7 34.Ra6+ Kd7 35.Be3 Rb8 36.Ra7+ Ke6
37.Ra6 Rc8 38.Bd2 Rb8 39.Be3 Kd7 40.Ra7+ Ke8 41.Ra6 Be7 42.Bd2 Rb7 43.Rc6 Rd7
44.Rc8+ Kf7 45.Bxb4 Bxb4 46.Kxb4 Rxd3 47.Rc3 Rd4+ 48.Rc4 Ke6 49.Kc3 Rd1 50.Rc6+ Ke7
51.Kc2 Rf1 52.Rc3 Rf2+ 53.Kb3 Kd6 54.Kc4 Rf1 55.Rd3+ Kc6 56.Ra3 Rc1+ 57.Kb4  1/2-1/2

[Event "PSC Cup 2013"]
[Site "Manila PHI"]
[Date "2013.01.15"]
[Round "3.24"]
[White "Legaspi,R"]
[Black "Bagamasbad,E"]
[Result "1/2-1/2"]
[WhiteElo "2257"]
[BlackElo "2140"]

1.e4 d6 2.d4 Nf6 3.Nc3 Nbd7 4.f4 e5 5.Nf3 Be7 6.Be2 exd4 7.Nxd4 O-O 8.O-O Re8
9.Bf3 c6 10.Nf5 Nc5 11.Nxe7+ Qxe7 12.Re1 Bf5 13.e5 Rad8 14.Bd2 dxe5 15.Rxe5 Be6
16.Qe1 Ncd7 17.Re2 Qf8 18.Qf2 a6 19.Rae1 Bf5 20.Rxe8 Rxe8 21.Rxe8 Qxe8 22.Bd1 h6
23.h3 Ne4 24.Nxe4 Qxe4 25.Qe3 Qxe3+ 26.Bxe3 Be4 27.c3 f5 28.Kf2 Kf7 29.Kg3 Ke6
30.Bd4 g6  1/2-1/2

[Event "73rd ch-ARM 2013"]
[Site "Yerevan ARM"]
[Date "2013.01.15"]
[Round "4.4"]
[White "Aghasaryan,R"]
[Black "Hovhannisyan,R"]
[Result "0-1"]
[WhiteElo "2443"]
[BlackElo "2615"]

1.d4 d6 2.e4 Nf6 3.Nc3 e5 4.Nf3 Nbd7 5.Bc4 Be7 6.O-O O-O 7.h3 c6 8.dxe5 dxe5
9.a4 Qc7 10.Nh2 Nc5 11.Qf3 Be6 12.Bxe6 Nxe6 13.Be3 Bc5 14.Bxc5 Nxc5 15.Qe2 Ne6
16.Qc4 Rad8 17.Rfd1 Rd4 18.Qe2 Qb6 19.b3 Qb4 20.Qe3 Nxe4 21.Ne2 Rd5 22.Rxd5 cxd5
23.Nf3 f6 24.Rd1 Rd8 25.c4 Qc5 26.Qxc5 N6xc5 27.cxd5 Nxb3 28.g4 Nbc5 29.a5 Nb3
30.a6 bxa6  0-1

[Event "Margaryan Mem 2013"]
[Site "Yerevan ARM"]
[Date "2013.01.15"]
[Round "9.3"]
[White "Harutyunian,T"]
[Black "Grigoryan,K2"]
[Result "1/2-1/2"]
[WhiteElo "2358"]
[BlackElo "2513"]

1.d4 d6 2.e4 Nf6 3.Nc3 e5 4.Nf3 Nbd7 5.Bc4 Be7 6.O-O O-O 7.Re1 c6 8.a4 Re8
9.Ng5 Rf8 10.Nf3 Qc7 11.h3 Re8 12.b3 exd4 13.Nxd4 Bf8 14.Ba3 a6 15.Bf1 Rb8
16.Nf5 Nc5 17.Ng3 b5 18.axb5 axb5 19.b4 Ncd7 20.Qd2 Ne5 21.Bb2 Be6 22.f4 Nc4
23.Bxc4 Bxc4 24.Nd1 Nd7 25.Ne3 Nb6 26.Nh5 f6 27.Ng4 Nd7 28.Ra3 Re6 29.Rg3 Kh8
30.Ne3 Ba2 31.Ng4 Bc4 32.Ne3 Ba2  1/2-1/2

[Event "38th Seville Open"]
[Site "Seville ESP"]
[Date "2013.01.16"]
[Round "6.19"]
[White "Montero Campuzano,R"]
[Black "Serrano Salvador,E"]
[Result "0-1"]
[WhiteElo "2072"]
[BlackElo "2349"]

1.e4 d6 2.d4 Nf6 3.Nc3 e5 4.dxe5 dxe5 5.Qxd8+ Kxd8 6.Nf3 Bd6 7.b3 Nc6 8.Bb2 Bg4
9.O-O-O Nd4 10.Rd3 c5 11.Ng5 Ke7 12.Nd5+ Nxd5 13.exd5 Bf5 14.c3 e4 15.Rg3 Bxg3
16.hxg3 h6 17.d6+ Kf6 18.cxd4 Kxg5 19.dxc5 Rac8 20.b4 Kg6 21.Be2 Be6 22.Rh4 f5
23.a3 Rhd8 24.Kd2 Kh7 25.f3 Bd5 26.fxe4 Bxe4 27.g4 g5 28.Rh1 Rf8 29.gxf5 Rxf5
30.Bd4 Rd5 31.Ke3 Bg6 32.Bf6 Rf8 33.Bc4 Rf5 34.Be7 Re5+ 35.Kd4 Re4+ 36.Kd5 Rff4
37.d7 Rd4+ 38.Ke5 Rxd7 39.Ke6 Rxe7+ 40.Kxe7 Rxc4 41.Rd1 Be4  0-1

[Event "5th Chennai Open 2013"]
[Site "Chennai IND"]
[Date "2013.01.18"]
[Round "6"]
[White "Nitin,S"]
[Black "Ramnathan,B"]
[Result "1-0"]
[WhiteElo "2367"]
[BlackElo "2260"]

1.e4 d6 2.d4 Nf6 3.Nc3 Nbd7 4.Nf3 e5 5.Bc4 Be7 6.O-O O-O 7.Re1 c6 8.a4 Qc7
9.Ba2 a5 10.h3 b6 11.Nh4 Re8 12.Nf5 Nf8 13.Be3 Ng6 14.d5 c5 15.Nb5 Qd8 16.Bg5 Bf8
17.Qf3 Ba6 18.Bc4 Qd7 19.h4 Be7 20.g3 Red8 21.h5 Ne8 22.Bd2 Nf8 23.Na3 Bxc4
24.Nxc4 Rab8 25.Ra3 Bf6 26.h6 Ng6 27.hxg7 Bxg7 28.Rb3 Qa7 29.Kg2 Bf8 30.Rh1 f6
31.Qg4 Rd7 32.Rxb6 Rxb6 33.Nxb6 Rb7 34.Nc4 Rf7 35.b3 Qd7 36.Nxa5 Nc7 37.Nc4 Na6
38.Bh6 Be7 39.Bg7 Nb8 40.Qxg6  1-0

[Event "Marianske Lazne IM 2013"]
[Site "Marianske Lazne CZE"]
[Date "2013.01.18"]
[Round "1.3"]
[White "Varitski,I"]
[Black "Gokhale,C"]
[Result "1/2-1/2"]
[WhiteElo "2289"]
[BlackElo "2252"]

1.e4 d6 2.d4 Nf6 3.Nc3 e5 4.dxe5 dxe5 5.Qxd8+ Kxd8 6.Bc4 Be6 7.Bxe6 fxe6
8.f3 Nbd7 9.Nh3 Bd6 10.Be3 a6 11.Nf2 Ke7 12.Ke2 Bc5 13.Bxc5+ Nxc5 14.b4 Ncd7
15.Nd3 Ne8 16.Na4 b6 17.c4 Nd6 18.Rhc1 a5 19.b5 Rac8 20.Rab1 c5 21.bxc6 Rxc6
22.Nxb6 Rxb6 23.Rxb6 Nxb6 24.c5 Nd7 25.cxd6+ Kxd6 26.Rb1 Rc8 27.Kd2 Rc4 28.Nb2 Rb4
29.Kc3 Ke7 30.Rd1 Nb6 31.Rd2 g5 32.g3 Rxb2 33.Rxb2 Na4+  1/2-1/2

[Event "TCh-CAT Div Hon 2013"]
[Site "Catalonia ESP"]
[Date "2013.01.19"]
[Round "1.1"]
[White "Kogan,Ar"]
[Black "Valdes,Le"]
[Result "1-0"]
[WhiteElo "2571"]
[BlackElo "2441"]

1.e4 d6 2.d4 Nf6 3.Nc3 e5 4.Nf3 Nbd7 5.Bc4 Be7 6.O-O O-O 7.a4 c6 8.Qe2 exd4
9.Nxd4 Ne5 10.Bb3 c5 11.Nf5 Bxf5 12.exf5 Qd7 13.Nd5 Rae8 14.Qb5 Qc8 15.Ne3 Bd8
16.Rd1 Bc7 17.Bd5 Nxd5 18.Nxd5 Bd8 19.f6 Qg4 20.Ne3 Nf3+ 21.Kh1 Qh5 22.h3 Bxf6
23.Qe2 Bh4 24.Qxf3 Qxf3 25.gxf3 Bxf2 26.Ra3 Re6 27.Kg2 Bh4 28.Nf5 Rg6+ 29.Kf1  1-0

[Event "TCh-CAT Div Hon 2013"]
[Site "Catalonia ESP"]
[Date "2013.01.19"]
[Round "1.7"]
[White "Rojas Keim,L"]
[Black "Pardo Simon,D"]
[Result "1-0"]
[WhiteElo "2391"]
[BlackElo "2418"]

1.d4 d6 2.e4 Nf6 3.Nc3 e5 4.Nf3 Nbd7 5.Bc4 Be7 6.Ng5 O-O 7.Bxf7+ Rxf7 8.Ne6 Qe8
9.Nxc7 Qd8 10.Nxa8 exd4 11.Qxd4 Ne5 12.Qxa7 Nfg4 13.O-O Nxh2 14.Kxh2 Nf3+
15.gxf3 Qd7 16.Rh1 Rxf3 17.Kg2 Rxc3 18.Bf4 Qg4+ 19.Kf1 Rxc2 20.Qe3 Bh4 21.Qb3+ Be6
22.Qxc2 Qxf4 23.Nc7 Bd7 24.Nd5 Bb5+ 25.Kg1 Qg4+  1-0

[Event "5th Chennai Open 2013"]
[Site "Chennai IND"]
[Date "2013.01.19"]
[Round "4"]
[White "S,M Sharon"]
[Black "Ramnathan,B"]
[Result "0-1"]
[WhiteElo "1982"]
[BlackElo "2260"]

1.e4 d6 2.d4 Nf6 3.Nc3 Nbd7 4.f4 e5 5.Nf3 exd4 6.Nxd4 Nc5 7.Qf3 c6 8.Bd3 Be7
9.h3 Nxd3+ 10.cxd3 O-O 11.Be3 Bd7 12.g4 c5 13.Nf5 Bc6 14.O-O-O b5 15.Rhg1 Qd7
16.Nxe7+ Qxe7 17.g5 Nd7 18.f5 Ne5 19.Qg3 Qe8 20.Ne2 c4 21.Nf4 Nxd3+ 22.Rxd3 cxd3
23.Nh5 Qe5 24.Qh4 Qxe4 25.Qxe4 Bxe4 26.Bd4 Bxf5 27.Nxg7 Bg6 28.h4 Rfc8+ 29.Kd2 Rc4
30.Bf6 Rxh4 31.Re1 Rh2+ 32.Kd1 Re2  0-1

[Event "e2e4 Chester Open"]
[Site "Chester ENG"]
[Date "2013.01.19"]
[Round "2"]
[White "Fernandez,Michael"]
[Black "Rabbitte,L"]
[Result "1/2-1/2"]
[WhiteElo "1842"]
[BlackElo "2076"]

1.e4 d6 2.d4 Nf6 3.Nc3 e5 4.dxe5 dxe5 5.Qxd8+ Kxd8 6.Nf3 Bd6 7.Bg5 c6 8.O-O-O Kc7
9.Bc4 Be6 10.Bxe6 fxe6 11.Rd3 h6 12.Bh4 g5 13.Bg3 Nbd7 14.Rhd1 Ne8 15.h3 b5
16.b3 Rh7 17.R1d2 a6 18.Ne1 Rf7 19.Rf3 Rxf3 20.Nxf3 Nef6 21.Re2 Nh5 22.Bh2 Nf4
23.Bxf4 exf4 24.Nh2 Ne5 25.Nf3 Nxf3 26.gxf3 Be5 27.Nd1 Rd8 28.Re1 c5 29.Rh1 Rh8
30.h4 gxh4 31.Rxh4 h5 32.c3 Bf6 33.Rh2 Kd6 34.Kd2 b4 35.Kc2 bxc3 36.Nxc3 Bxc3
37.Kxc3 h4 38.Rh3 Rh5 39.Kc4 Kc6 40.a3 Kb6 41.Kd3 Kb5 42.Kc3 Rh7 43.Kd3 a5
44.Kc3 a4 45.bxa4+ Kxa4 46.Kc4 Rh5 47.e5 Kxa3 48.Kxc5 Rxe5+ 49.Kd6 Rh5 50.Kxe6 Kb3
51.Kf6 Kc3 52.Kg6 Rh8 53.Kg5 Kd3 54.Rxh4 Rg8+ 55.Kxf4 Ke2 56.Rh6 Rf8+ 57.Kg4 Rxf3
58.Rc6 Rxf2 59.Rc2+ Ke3 60.Rxf2 Kxf2  1/2-1/2

[Event "Frau Bundesliga Div1 2012-13"]
[Site "Germany GER"]
[Date "2013.01.19"]
[Round "6.1"]
[White "Kochetkova,J"]
[Black "Foisor,C"]
[Result "1/2-1/2"]
[WhiteElo "2304"]
[BlackElo "2385"]

1.e4 d6 2.d4 Nf6 3.Nc3 e5 4.Nf3 Nbd7 5.Bc4 Be7 6.O-O O-O 7.Re1 c6 8.a4 b6
9.h3 Rb8 10.Bg5 a6 11.Ba2 b5 12.axb5 axb5 13.b4 Re8 14.Bh4 h6 15.Bg3 Qc7
16.Rb1 Bf8 17.Qd2 Ra8 18.dxe5 dxe5 19.Nh4 Nb6 20.Nf5 Kh7 21.Qe2 Ra3 22.Qf3 Qa7
23.Bb3 Bxb4 24.Bh4 Ng8 25.Red1 Bxc3 26.Qxc3 Nc4 27.Qb4 Be6 28.Bxc4 bxc4 29.Ne3 Ra8
30.Qb2 Rxe3 31.fxe3 Qxe3+ 32.Bf2 Qxe4 33.Re1 Qg6 34.Qxe5 Bd5 35.Qg3 Qxc2
36.Bd4 Qg6 37.Qxg6+ Kxg6 38.Re3 Kh7 39.Bc3 g5 40.Rb7 Ra2 41.Rg3 Kg6 42.Rd7 Re2
43.Kf1 Rc2 44.Bd4 Rd2 45.Rd6+ Kh7 46.Bc5 c3 47.Rxc3 Bxg2+ 48.Kg1 Rxd6 49.Bxd6 Bd5
50.Ra3 Nf6 51.Be5 Kg6 52.Ra8 h5 53.Rh8 h4 54.Kf2 Kf5 55.Bb2 Be6 56.Ra8 Kg6
57.Ra3 c5 58.Kg2 c4 59.Ra5 Nd5 60.Bc1 c3 61.Kf3 f6 62.Rc5 Kf5 63.Rc6 Ke5
64.Kg2 Bf5 65.Rc4 c2 66.Kf2 Be4 67.Rc6 Nb4 68.Rc5+ Kd4 69.Be3+ Kd3 70.Rc8 Bc6
71.Rd8+ Kc4 72.Rd6 Bd5 73.Rxf6 Nd3+ 74.Kf1 c1=Q+ 75.Bxc1 Nxc1 76.Rg6 Nd3
77.Rxg5 Be6 78.Rh5 Bxh3+ 79.Kg1 Be6 80.Rxh4+ Kc3 81.Re4 Bc4  1/2-1/2

[Event "TCh-AUT 2012-13"]
[Site "Graz AUT"]
[Date "2013.01.19"]
[Round "6.6"]
[White "Ertl,J"]
[Black "Siebrecht,S"]
[Result "0-1"]
[WhiteElo "2287"]
[BlackElo "2481"]

1.e4 d6 2.d4 Nf6 3.Nc3 Nbd7 4.Nf3 e5 5.Bc4 Be7 6.O-O O-O 7.Re1 c6 8.a4 a5
9.b3 Nb6 10.Bf1 Bg4 11.dxe5 Bxf3 12.Qxf3 dxe5 13.Rd1 Qc7 14.Bg5 Rfe8 15.Ne2 Nfd7
16.Bd2 Bb4 17.Bg5 Nf8 18.Ng3 Ne6 19.Be3 Bc5 20.Nf5 Bxe3 21.Qxe3 Rad8 22.Qc3 Nd7
23.Nd6 Rf8 24.Nf5 Nf6 25.Qe3 g6 26.Nh4 Rd4 27.Rxd4 exd4 28.Qe1 Qf4 29.f3 Rd8
30.g3 Qe5 31.Bd3 Nc5 32.f4 Nxd3 33.cxd3 Qc5 34.h3 Re8 35.Nf3 Qb6 36.Qd1 Nd7
37.Kg2 Nc5 38.Rb1 Qb4 39.Ne5 Qc3 40.Kh1 Kg7 41.Rc1 Qxb3 42.Qg1 Nxd3 43.Rb1 Qc3
44.Rxb7 Nxe5 45.fxe5 Qf3+ 46.Kh2 c5  0-1